<?xml version="1.0" encoding="UTF-8"?>
<record
    xmlns:xsi="http://www.w3.org/2001/XMLSchema-instance"
    xsi:schemaLocation="http://www.loc.gov/MARC21/slim http://www.loc.gov/standards/marcxml/schema/MARC21slim.xsd"
    xmlns="http://www.loc.gov/MARC21/slim">

  <leader>00972nam a22002417a 4500</leader>
  <controlfield tag="005">20240530110912.0</controlfield>
  <controlfield tag="008">171211b1984    sy fk  f b    001 0 ara d</controlfield>
  <datafield tag="040" ind1=" " ind2=" ">
    <subfield code="a">EG-CaGPL</subfield>
  </datafield>
  <datafield tag="082" ind1="0" ind2="4">
    <subfield code="2">21</subfield>
    <subfield code="a">704,9481/</subfield>
    <subfield code="b">&#x628; &#x62A;</subfield>
  </datafield>
  <datafield tag="100" ind1="1" ind2=" ">
    <subfield code="a">&#x628;&#x631;&#x64A;&#x62C;&#x632; &#x60C; &#x643;&#x631;&#x64A;&#x633;&#x62A;&#x649; &#x627;&#x631;&#x646;&#x648;&#x644;&#x62F; .</subfield>
  </datafield>
  <datafield tag="245" ind1="1" ind2="0">
    <subfield code="a">&#x62A;&#x631;&#x627;&#x62B; &#x627;&#x644;&#x627;&#x633;&#x644;&#x627;&#x645; &#x641;&#x649; &#x627;&#x644;&#x641;&#x646;&#x648;&#x646; &#x627;&#x644;&#x641;&#x631;&#x639;&#x64A;&#x629; &#x648;&#x627;&#x644;&#x62A;&#x635;&#x648;&#x64A;&#x631; &#x648;&#x627;&#x644;&#x639;&#x645;&#x627;&#x631;&#x629; /</subfield>
    <subfield code="c">&#x628;&#x631;&#x64A;&#x62C;&#x632;&#x60C; &#x643;&#x631;&#x64A;&#x633;&#x62A;&#x64A; &#x627;&#x631;&#x646;&#x648;&#x644;&#x62F; &#x61B; &#x62A;&#x631;&#x62C;&#x645;&#x629; &#x632;&#x643;&#x64A; &#x645;&#x62D;&#x645;&#x62F; &#x62D;&#x633;&#x646; .</subfield>
  </datafield>
  <datafield tag="250" ind1=" " ind2=" ">
    <subfield code="a">&#x637;. 1</subfield>
  </datafield>
  <datafield tag="260" ind1=" " ind2=" ">
    <subfield code="a">&#x62F;&#x645;&#x634;&#x642; :</subfield>
    <subfield code="b">&#x62F;&#x627;&#x631; &#x627;&#x644;&#x643;&#x62A;&#x627;&#x628; &#x627;&#x644;&#x639;&#x631;&#x628;&#x64A; &#x60C;</subfield>
    <subfield code="c">1984</subfield>
  </datafield>
  <datafield tag="300" ind1=" " ind2=" ">
    <subfield code="a">180 &#x635; :</subfield>
    <subfield code="b">&#x627;&#x64A;&#x636; &#x61B;</subfield>
    <subfield code="c">15&#x633;&#x645; .</subfield>
  </datafield>
  <datafield tag="504" ind1=" " ind2=" ">
    <subfield code="a">&#x628;&#x628;&#x644;&#x64A;&#x648;&#x62C;&#x631;&#x627;&#x641;&#x64A;&#x629; : &#x635; 161</subfield>
  </datafield>
  <datafield tag="650" ind1="0" ind2="7">
    <subfield code="2">qrmak</subfield>
    <subfield code="a">&#x627;&#x644;&#x641;&#x646; &#x627;&#x644;&#x627;&#x633;&#x644;&#x627;&#x645;&#x64A;</subfield>
  </datafield>
  <datafield tag="650" ind1="0" ind2="7">
    <subfield code="2">qrmak</subfield>
    <subfield code="a">&#x627;&#x644;&#x639;&#x645;&#x627;&#x631;&#x629; &#x627;&#x644;&#x627;&#x633;&#x627;&#x645;&#x64A;&#x629;</subfield>
  </datafield>
  <datafield tag="650" ind1="0" ind2="7">
    <subfield code="2">qrmak</subfield>
    <subfield code="a">&#x627;&#x644;&#x62A;&#x635;&#x648;&#x64A;&#x631; &#x627;&#x644;&#x627;&#x633;&#x644;&#x627;&#x645;&#x64A;</subfield>
  </datafield>
  <datafield tag="650" ind1="0" ind2="7">
    <subfield code="2">qrmak</subfield>
    <subfield code="a">&#x627;&#x644;&#x641;&#x646;&#x648;&#x646; &#x627;&#x644;&#x632;&#x62E;&#x631;&#x641;&#x64A;&#x629;</subfield>
  </datafield>
  <datafield tag="700" ind1="0" ind2=" ">
    <subfield code="a">&#x632;&#x643;&#x64A; &#x645;&#x62D;&#x645;&#x62F; &#x62D;&#x633;&#x646;</subfield>
    <subfield code="e">&#x645;&#x62A;&#x631;&#x62C;&#x645;</subfield>
  </datafield>
  <datafield tag="942" ind1=" " ind2=" ">
    <subfield code="2">ddc</subfield>
    <subfield code="c">BK</subfield>
  </datafield>
  <datafield tag="999" ind1=" " ind2=" ">
    <subfield code="c">66332</subfield>
    <subfield code="d">66332</subfield>
  </datafield>
  <datafield tag="952" ind1=" " ind2=" ">
    <subfield code="0">0</subfield>
    <subfield code="1">0</subfield>
    <subfield code="4">0</subfield>
    <subfield code="7">0</subfield>
    <subfield code="a">CIVIL</subfield>
    <subfield code="b">CIVIL</subfield>
    <subfield code="d">2022-03-20</subfield>
    <subfield code="l">0</subfield>
    <subfield code="o">704.9481/ &#x628; &#x62A;</subfield>
    <subfield code="p">167678</subfield>
    <subfield code="r">2022-03-20 00:00:00</subfield>
    <subfield code="w">2022-03-20</subfield>
    <subfield code="y">BK</subfield>
  </datafield>
  <datafield tag="952" ind1=" " ind2=" ">
    <subfield code="0">0</subfield>
    <subfield code="1">0</subfield>
    <subfield code="4">0</subfield>
    <subfield code="7">0</subfield>
    <subfield code="a">CIVIL</subfield>
    <subfield code="b">CIVIL</subfield>
    <subfield code="d">2022-03-20</subfield>
    <subfield code="l">0</subfield>
    <subfield code="o">704.9481/ &#x628; &#x62A;</subfield>
    <subfield code="p">167679</subfield>
    <subfield code="r">2022-03-20 00:00:00</subfield>
    <subfield code="w">2022-03-20</subfield>
    <subfield code="y">BK</subfield>
  </datafield>
</record>
